Πήλιο - Βόλος : η χώρα των κενταύρων
Saved in:
| Other Authors: | , |
|---|---|
| Format: | Book |
| Language: | Greek |
| Published: |
Αθήνα :
Μιχάλης Τουμπής,
1998.
|
| Subjects: | |
| Tags: |
Add Tag
No Tags, Be the first to tag this record!
|
MARC
| LEADER | 00000cam a2200000 i 4500 | ||
|---|---|---|---|
| 001 | 1/84650 | ||
| 008 | 050902s1998 gr | ||| |||| ||gre|| | ||
| 035 | |l 10080072 | ||
| 040 | |a GR-MyUa |b gre |e AACR2 | ||
| 041 | 0 | |a gre | |
| 082 | 7 | |a 910.202 |2 (22) | |
| 245 | 0 | 0 | |a Πήλιο - Βόλος : |b η χώρα των κενταύρων / |c κείμενα: Τάσος Ν. Πετρής, Μπέττυ Καγιά. |
| 260 | |a Αθήνα : |b Μιχάλης Τουμπής, |c 1998. | ||
| 300 | |a 128 σ. : |b εγχρ. εικ., χαρτ., σχεδιαγρ. ; |c 22 εκ. | ||
| 505 | 8 | |a Ταξιδιωτικός οδηγός -- Μύθος και ιστορία -- Πολιτισμός και παράδοση -- Μνημεία και μουσεία -- Χωριά και παραλίες. | |
| 500 | |a Με 183 έγχρωμες φωτογραφίες, 8 χάρτες και σχεδιαγράμματα. | ||
| 650 | 0 | |a Architecture, Greek |z Greece |z Pelion Mountains. | |
| 651 | 0 | |a Pelion Mountains (Greece) |x History. | |
| 651 | 0 | |a Volos (Greece) |x History. | |
| 700 | 1 | |a Πετρής, Τάσος. | |
| 700 | 1 | |a Καγιά, Μπέττυ. | |
| 852 | |a INST |b RHODES |c KRI |e 20050902 |h 910.202 ΠΗΛ |p 005400022542 |q 005400022542 |t REF |y 23 | ||
| 901 | |a BIBL4-2005-3 | ||
| 970 | |a ΣΙΔΕΡΗ |b ΝΕΚΤΑΡΙΑ |z 2005/09/01 | ||